000 00851nam a2200241Ia 4500
003 GCL
008 140319s9999 xx 000 0 ara d
020 _a5166209977
040 _aGCL /
_cGCL
082 0 4 _aق
_b347.014
_bم ق
100 1 _aمحمد سليم العوا
245 1 0 _aالقاضى والسلطان الازمة القضائية المصرية /
_cمحمد سليم العوا
250 _aالاولى
260 _aالقاهرة :
_bدار الشروق ،
_c2006
300 _a129 ص ؛
_c24 سم
650 0 4 _aالرقابة القضائية
650 0 4 _aالقضاء - مصر
650 0 4 _aالسلطة القضائية - مصر
650 0 4 _aالسلطة القضائية - مصر - مراقبة الانتخابات
650 0 4 _aتنازع القضاة
650 0 4 _aالفساد القضائى
942 _2ddc
_cBK
999 _c9566
_d9566